LEADER 01109nam0-22003371i-450- 001 990005675480403321 005 20070321094726.0 035 $a000567548 035 $aFED01000567548 035 $a(Aleph)000567548FED01 035 $a000567548 100 $a19990604d1985----km-y0itay50------ba 101 0 $aita 105 $ayf--r---00--- 200 1 $aRoma$eStudio per la sistemazione dell'area archeologica centrale$fa cura di Leonardo Benevolo$gscritti di L. Benevolo ... [et al.] 210 $aRoma$cDe Luca Editore$d1985 215 $a116 p., 2 tav. rip.$cill.$d30 cm 225 1 $aLavori e Studi di Archeologia$v7 300 $aIn testa al front.: Soprintendenza archeologica di Roma 610 0 $aRoma$aZona archeologica$aSistemazione urbanistica 676 $a711.40945632$v21$zita 700 1$aBenevolo,$bLeonardo$f<1923- >$0157 801 0$aIT$bUNINA$gRICA$2UNIMARC 901 $aBK 912 $a990005675480403321 952 $a711.4 BEN 3$bDIP.DISC.ST. 2968$fFLFBC 952 $aCI.02.162$b4959$fDARST 959 $aDARST 959 $aFLFBC 996 $aRoma$9601141 997 $aUNINA